00434cam a2200169ua 450000100060000000800390000602000180004504000090006304100080007208200120008010000340009224500410012625000120016726000480017930000130022765300240024010500190312n ii |||gr||||Z||||||asm a978818638491X cMAIN aasm a954.162 aKumudeswar Hazarika,eAuthor. aItihasar cha poharat purani Guwahati a4th ed. aGuwahati:bAssam publishing company,c2016. a247, Xp. aHistory of Guwahati